000
00212 a2200097 4500
001
30923
100
_a
Thanawi
245
_a
Intikhab Bukhri Sharif
260
_a
Lahore
_b
Idara Islamyat
_c
090
_c
20816
_d
20816
942
_a
NUST-CAE
_c
M
_c
12021
999
_c
265996
_d
265996